| 000 | 00760 a2200193 4500 | ||
|---|---|---|---|
| 020 | _a0471719978 | ||
| 020 | _a9780471719977 | ||
| 090 |
_c1683 _d1683 |
||
| 100 | 1 | _aSantoro, Nicola. | |
| 245 | 1 | 0 |
_aDesign and analysis of distributed algorithms / _cNicola Santoro. |
| 250 | _a1st ed. | ||
| 260 |
_a[S.l.] : _bWiley-Interscience, _c2006. |
||
| 300 |
_a608 p. ; _c24 cm. |
||
| 490 | 1 | _aWiley series on parallel and distributed computing. | |
| 830 | 0 | _aWiley series on parallel and distributed computing. | |
| 856 | 4 | 0 |
_3Amazon.com _uhttp://www.amazon.com/exec/obidos/ASIN/0471719978/chopaconline-20 |
| 942 |
_aSNS _cBK _k005.1 SAN |
||
| 999 |
_c30291 _d30291 |
||